Fundamentals of Structural Analysis / (Record no. 4077)

MARC details
000 -LEADER
fixed length control field 00751nac a22001811u 4500
008 - FIXED-LENGTH DATA ELEMENTS--GENERAL INFORMATION
fixed length control field 100907t xxu||||| |||| 00| 0 eng d
010 ## - LIBRARY OF CONGRESS CONTROL NUMBER
LC control number 87012325
020 ## - INTERNATIONAL STANDARD BOOK NUMBER
International Standard Book Number 0023694807
082 00 - DEWEY DECIMAL CLASSIFICATION NUMBER
Classification number 624.171
Item number LEE
100 ## - MAIN ENTRY--PERSONAL NAME
Personal name Leet, Kenneth.
9 (RLIN) 18476
245 10 - TITLE STATEMENT
Title Fundamentals of Structural Analysis /
Statement of responsibility, etc Kenneth M. Leet.
260 ## - PUBLICATION, DISTRIBUTION, ETC. (IMPRINT)
Place of publication, distribution, etc New York :
Name of publisher, distributor, etc Macmillan ;
Place of publication, distribution, etc London :
Name of publisher, distributor, etc Collier Macmillan,1988
Date of publication, distribution, etc 1988.
300 ## - PHYSICAL DESCRIPTION
Extent xiv, 567 p., [4] leaf of plates :
Other physical details ill. ;
Dimensions 25 cm.
500 ## - GENERAL NOTE
General note Includes index.
650 #0 - SUBJECT ADDED ENTRY--TOPICAL TERM
Topical term or geographic name as entry element Structural analysis (Engineering)
9 (RLIN) 18477
942 ## - ADDED ENTRY ELEMENTS (KOHA)
Item type Book - Borrowing
Call number prefix 624.171LEE
Source of classification or shelving scheme Dewey Decimal Classification
Holdings
Withdrawn status Item status Damaged status Not for loan Home library Current library Shelving location Date acquired Source of acquisition Total Checkouts Full call number Barcode Date last seen Date last borrowed Koha item type
        Central Library Central Library First floor 20/08/2007 Purchase 4 624.171 LEE 000000022 15/07/2025 09/12/2014 Book - Borrowing